Environmental management / (Record no. 14704)
[ view plain ]
| 000 -LEADER | |
|---|---|
| fixed length control field | 01668cam a22002534a 4500 |
| 001 - CONTROL NUMBER | |
| control field | TB12250 |
| 003 - CONTROL NUMBER IDENTIFIER | |
| control field | IN-BhIIT |
| 005 - DATE AND TIME OF LATEST TRANSACTION | |
| control field | 20250221101517.0 |
| 008 - FIXED-LENGTH DATA ELEMENTS--GENERAL INFORMATION | |
| fixed length control field | 060613s2006 ii b 000 0 eng |
| 020 ## - INTERNATIONAL STANDARD BOOK NUMBER | |
| ISBN | 9788179931844 (hbk.) |
| 040 ## - CATALOGING SOURCE | |
| Original cataloging agency | IN-BhIIT |
| 041 ## - LANGUAGE CODE | |
| Language code of text | eng |
| 082 ## - DEWEY DECIMAL CLASSIFICATION NUMBER | |
| Classification number | 628 |
| Book number | KUL/E |
| 100 1# - MAIN ENTRY--AUTHOR NAME | |
| Personal name | Kulkarni, Vijay. |
| Relator term | Author |
| 245 10 - TITLE STATEMENT | |
| Title | Environmental management / |
| Statement of responsibility, etc | by Vijay Kulkarni and T.V. Ramachandra. |
| 260 ## - PUBLICATION, DISTRIBUTION, ETC. (IMPRINT) | |
| Place of publication | New Delhi : |
| Name of publisher | Capital Pub. Co., |
| Year of publication | 2006. |
| 300 ## - PHYSICAL DESCRIPTION | |
| Number of Pages | xvi, 367 p. ; |
| Other physical details(ill.) | ill. ; |
| Dimensions(size) | 25 cm. |
| 500 ## - GENERAL NOTE | |
| General note | Commonwealth of Learning, Canada ; Centre for Ecological Sciences, Indian Institute of Science, India ; Karnataka Environment Research Foundation, India. |
| 504 ## - BIBLIOGRAPHY, ETC. NOTE | |
| Bibliography, etc | Includes bibliographical references and index. |
| 520 ## - SUMMARY, ETC. | |
| Summary, etc | Environmental management has become one of the most used terms in recent times. But what exactly does the term mean and entail? Environmental management helps to investigate and manage the environment within the context of human influences, incorporating an examination of economics, culture, political structure, and social equity, as well as natural processes and systems. This book discusses in detail the various issues relating to environmental management, including the fundamentals; the various environmental policies, legislation, and international treaties; the concept of environmental impact assessment; environmental auditing; life cycle assessment; various environmental management system standards; issues and techniques; and environmental design and economics. |
| 650 #0 - SUBJECT ADDED ENTRY--TOPICAL TERM | |
| Topical Term | Environmental management. |
| 700 1# - ADDED ENTRY--PERSONAL NAME | |
| Personal name | Ramachandra, T. V. |
| Relator term | Joint author |
| 942 ## - ADDED ENTRY ELEMENTS (KOHA) | |
| Koha item type | Text Book |
| Withdrawn status | Lost status | Damaged status | Not for loan | Collection code | Home library | Current library | Date acquired | Source of acquisition | Cost, normal purchase price | Accession Number | Cost, replacement price | Price effective from | Koha item type | Full call number |
|---|---|---|---|---|---|---|---|---|---|---|---|---|---|---|
| Not withdrawn | Not Lost | not damaged | SIF | Central Library, IIT Bhubaneswar | Central Library, IIT Bhubaneswar | 08/02/2025 | 31 | 596.25 | TB12251 | 795.00 | 08/02/2025 | Text Book | ||
| Not withdrawn | Not Lost | not damaged | SIF | Central Library, IIT Bhubaneswar | Central Library, IIT Bhubaneswar | 08/02/2025 | 31 | 596.25 | TB12254 | 795.00 | 08/02/2025 | Text Book | ||
| Not withdrawn | Not Lost | not damaged | SIF | Central Library, IIT Bhubaneswar | Central Library, IIT Bhubaneswar | 08/02/2025 | 31 | 596.25 | TB12253 | 795.00 | 08/02/2025 | Text Book | ||
| Not withdrawn | Not Lost | not damaged | SIF | Central Library, IIT Bhubaneswar | Central Library, IIT Bhubaneswar | 08/02/2025 | 31 | 596.25 | TB12255 | 795.00 | 08/02/2025 | Text Book | ||
| Not withdrawn | Not Lost | not damaged | SIF | Central Library, IIT Bhubaneswar | Central Library, IIT Bhubaneswar | 08/02/2025 | 31 | 596.25 | TB12250 | 795.00 | 08/02/2025 | Course Reserve | 628 KUL/E | |
| Not withdrawn | Not Lost | not damaged | SIF | Central Library, IIT Bhubaneswar | Central Library, IIT Bhubaneswar | 08/02/2025 | 31 | 596.25 | TB12252 | 795.00 | 08/02/2025 | Text Book |